000 01113ngm a22003730a 4500
001 PT39900
003 AR-LpoUNG
005 20210201235846.0
007 vd cvaizq
008 191001s2007||||ag |||||||||||||||||spa d
037 _c$10
040 _aAR-LpoUNG
_bspa
_cAR-LpoUNG
_eaacr
041 _aspa
044 _aag
082 0 _a302.5 459a
100 1 _aPerrone, Raúl
_edir.
245 1 0 _aLabios de churrasco
260 _aBuenos Aires :
_bs.e.
_c2007.
300 _aDVD (62 min.) : son., byn
505 0 _aHecha en 1994. - Elenco: Fabian Vena, Violeta Naón, Gustavo Prone, Carlos Briolotti
520 _aTres muchachos hijos del suburbio, de la calle y de la depresión económica, deambulan por un micro mundo donde la delincuencia, la incomprensión y la soledad son permanentes compañeros
650 4 _aARGENTINA
650 4 _aJUVENTUD
650 4 _aMARGINALIDAD
650 4 _aPOBREZA
650 4 _aPROBLEMAS SOCIALES
651 4 _aArgentina
653 _aCINE ARGENTINO
653 _aDOCUMENTALES
653 _aDVD
653 _aVIDEOS
905 _a39900
942 _cDVD
999 _c53623
_d53623